banner-ar

الرومان / (Record no. 46841)

MARC details
000 -الفاتح
حقل البيانات ثابتة الطول 00809nam a2200229Ia 4500
005 - وقت وتاريخ اخر تعامل مع التسجيلة
رقم الضبط 20240530104348.0
008 - عناصر البيانات ثابتة الطول - معلومات عامة
حقل البيانات ثابتة الطول 140319s1968 ua b 000 0 ara d
040 ## - مصدر الفهرسة
وكالة الفهرسة الأصلية GCL /
وكالة النسخ GCL
082 04 - رقم تصنيف ديوى العشرى
رقم التصنيف 937.06/
رقم المادة ب ر
100 1# - المدخل الرئيسى - إسم شخصى
الإسم الشخصى بارو، ر.هـ
245 10 - بيان العنوان
العنوان الرومان /
بيان المسئوليه,etc تاليف ر.هـ. بارو ؛ ترجمة عبدالرازق يسرى ؛ مراجعة سهير القلماوى
260 ## - PUBLICATION, DISTRIBUTION, ETC. (IMPRINT)
تاريخ النشر أو التوزيع 1968.
300 ## - الوصف المادى
التعداد 232 ص. :
تفاصيل ماديه اخرى للوعاء خرائط ؛
أبعاد الوعاء 24 سم
490 ## - بيان السلسلة
عنوان السلسلة الالف كتاب
رقم المجلد/ التعيين التسلسلي 0
650 04 - المدخل الاضافى بالموضوع-مصطلح موضوعى
مصطلح موضوعي اباطرة الرومان
650 04 - المدخل الاضافى بالموضوع-مصطلح موضوعى
مصطلح موضوعي ايطاليا
650 04 - المدخل الاضافى بالموضوع-مصطلح موضوعى
مصطلح موضوعي روما
700 0# - المدخل الاضافى - اسم شخصى
الإسم الشخصى عبدالرازق يسرى
الدور مترجم
700 0# - المدخل الاضافى - اسم شخصى
الإسم الشخصى سهير القلماوى
الدور مراجع
942 ## - عناصر المدخل الإضافي( كوها)
مصدر التصنيف او مخطط الترفيف Dewey Decimal Classification
Koha [default] item type كتاب
260 ## - PUBLICATION, DISTRIBUTION, ETC. (IMPRINT)
-- القاهرة :
-- دار نهضة مصر للطبع والنشر،
Holdings
حالة التراجع حالة الفقد حالة تلف ليس للاعارة المكان المؤقت الموقع الحالى تاريخ الاكتساب اجمالي اﻻعارات رقم الطلب الباركود تاريخ اخر مشاهدة تاريخ تفعيل السعر نوع وعاء كوها
        مكتبة القاهرة الكبرى مكتبة القاهرة الكبرى 03/26/2014   937.06/ب ر 113849 03/26/2014 03/26/2014 كتاب

Powered By

EGPV